BIBLIOTECA

SENCICO

Cabillero : Tecnología (Registro nro. 3507)

Detalles MARC
000 -LEADER
fixed length control field 00363nam a2200169Ia 4500
005 - DATE AND TIME OF LATEST TRANSACTION
control field 20251020182616.0
008 - FIXED-LENGTH DATA ELEMENTS--GENERAL INFORMATION
fixed length control field 200515s9999 xx 000 0 und d
082 ## - DEWEY DECIMAL CLASSIFICATION NUMBER
Classification number SC/693.81/V44T
110 ## - MAIN ENTRY--CORPORATE NAME
Corporate name or jurisdiction name as entry element Ince
245 #0 - TITLE STATEMENT
Title Cabillero : Tecnología
260 ## - PUBLICATION, DISTRIBUTION, ETC.
Place of publication, distribution, etc. Caracas
260 ## - PUBLICATION, DISTRIBUTION, ETC.
Date of publication, distribution, etc. 1975
300 ## - PHYSICAL DESCRIPTION
Extent 132
650 ## - SUBJECT ADDED ENTRY--TOPICAL TERM
Topical term or geographic name entry element FIERRERIA
650 ## - SUBJECT ADDED ENTRY--TOPICAL TERM
Topical term or geographic name entry element PUB INCE
942 ## - ADDED ENTRY ELEMENTS (KOHA)
Koha item type Libros
Existencias
Fecha de la última vez que lo usaron Pago total Signatura topográfica completa Código de barras Precio efectivo desde Tipo de documento Estado perdido Estado dañado No es para préstamo Retirado Ubicación permanente Ubicación actual Fecha de adquisición
15/05/2020   SC/693.81/V44T Bib-Lima15053507 15/05/2020 Libros         Biblioteca Central Lima Biblioteca Central Lima 15/05/2020